| 000 | 00787nam a2200229 a 4500 | ||
|---|---|---|---|
| 001 | 64125 | ||
| 003 | BD-RjUL | ||
| 005 | 20211209081255.0 | ||
| 008 | 170209r19831980bg 000 0 ben d | ||
| 035 | _a(BD-RjUL)64255 | ||
| 040 |
_aDLC _cCarP _dBD-RjUL _bben |
||
| 041 | _aben | ||
| 082 |
_a891.443 _bKAS 19683 _223 |
||
| 100 |
_aকায়সার, শহীদুল্লা _9116897 |
||
| 245 | 1 | 0 |
_aসারেং বৌ / _cশহীদুল্লা কায়সার |
| 250 | _a৭ম সং. | ||
| 260 |
_aঢাকা : _bনওরোজ, _c১৯৮০ [মুদ্রণ ১৯৮৩] |
||
| 300 |
_a১৫২ পৃ. ; _c২২ সেমি. |
||
| 650 |
_aবাংলা উপন্যাস _9116898 |
||
| 650 |
_aBengali Fiction _9116899 |
||
| 942 |
_2ddc _cBK _01 |
||
| 999 |
_c64125 _d64125 |
||